00452nam a2200157 a 450000500170000000800410001702000150005805000240007310000270009724500600012426000570018450000200024165000110026165000100027265000120028220140414093850.0140227s19uu xx 00 eng d a1594432465 aPS 41.85bC414 2003 acerebellum Corporation aUnderstanding Literature :bthe elements of Literature. aSan Francisco, California, USA :bCerebellum,c2008. a30 mins. per CD aPoetry aDrama aFiction